20 Most Populated Countries without 1 Million cities - Statistics

General Stats
  • This quiz has been taken 65 times
  • The average score is 11 of 20
Answer Stats
Pop (k) Country % Correct
3511 Bosnia and Herzegovina
69%
3547 Moldova
69%
2076 Slovenia
69%
2792 Lithuania
65%
2075 North Macedonia
65%
5445 Slovakia
65%
4105 Croatia
64%
6160 Eritrea
62%
10953 Burundi
60%
2109 Gabon
58%
2870 Albania
55%
7123 Laos
55%
2458 Namibia
55%
8931 Tajikistan
55%
8558 Papua New Guinea
53%
2338 Botswana
49%
2228 Gambia
49%
12778 South Sudan
44%
2728 Jamaica
40%
2007 Lesotho
40%
No matching quizzes found
Score Distribution
Percent of People with Each Score
Percentile by Number Answered
Your Score History
You have not taken this quiz